[Event "IV C.to Europeo"]
[Site "Istanbul TUR"]
[Date "2003.06.06"]
[Round "7"]
[White "Arlandi, Ennio"]
[Black "Iljushin, Alexei"]
[Result "0-1"]
[WhiteElo "2456"]
[BlackElo "2556"]
[PlyCount "108"]
[EventDate "2003.05.30"]

1. d4 e6 2. c4 f5 3. g3 Nf6 4. Bg2 c6 5. Qc2 d5 6. Nd2 Bd6 7. Nh3 O-O 8. O-O
Nbd7 9. cxd5 cxd5 10. Nf3 Nb8 11. Bf4 Nc6 12. Bxd6 Qxd6 13. Rfc1 Ne4 14. e3 Bd7
15. Nf4 Rfc8 16. Qd1 Be8 17. a3 g5 18. Nd3 Bh5 19. Rc2 Bxf3 20. Bxf3 Nf6 21.
Rac1 Ne7 22. Rxc8+ Rxc8 23. Rxc8+ Nxc8 24. Qc1 Qd8 25. Nc5 Qe7 26. e4 dxe4 27.
Bd1 b6 28. Nxe4 Nxe4 29. Qxc8+ Kg7 30. Bb3 Kf6 31. Qh8+ Kg6 32. Qe5 Nd2 33. Bd1
Nc4 34. Qe2 Na5 35. d5 Kf6 36. b4 Nb7 37. dxe6 Qxe6 38. Qh5 Qf7 39. Qh6+ Qg6
40. Qf8+ Qf7 41. Qh8+ Qg7 42. Qb8 Qd7 43. Bf3 Nd8 44. Qa8 g4 45. Bd5 Ke5 46.
Bg8 Nc6 47. Kg2 h6 48. Bc4 Kd4 49. Ba6 Qd5+ 50. Kg1 Ne5 51. Qh8 b5 52. Qg7 Kc4
53. Bb7 Nf3+ 54. Kg2 Nh4+ 0-1